[Event "Berlin Kreuzberg op"]
[Site "Berlin"]
[Date "2015.07.16"]
[Round "6"]
[White "Gebigke, Martin"]
[Black "Weigelt, Thomas"]
[Result "1-0"]
[WhiteElo "2148"]
[BlackElo "1924"]
[PlyCount "79"]
[EventDate "2015.07.11"]
[EventType "swiss"]
[EventRounds "9"]
[EventCountry "GER"]
[SourceTitle "CBM 167 Extra"]
[Source "ChessBase"]
[SourceDate "2015.09.14"]
[SourceVersion "1"]
[SourceVersionDate "2015.09.14"]
[SourceQuality "1"]

1. d4 d5 2. c4 e6 3. Nc3 c6 4. Nf3 dxc4 5. e3 Nf6 6. Bxc4 b5 7. Bb3 Bb7 8. 0-0 Nbd7 9. e4 b4 10. Ne2 Nxe4 11. Re1 Nef6 12. Nf4 Nd5 13. Nxd5 cxd5 14. Ng5 Qf6 15. Re3 Bd6 16. Rf3 Qh6 17. h3 Qg6 18. Nxf7 Ke7 19. Nxh8 Rxh8 20. Bc2 Qe8 21. Bg5+ Nf6 22. Qd2 h6 23. Bf4 Qd7 24. a3 Rc8 25. axb4 a6 26. Be5 Qc7 27. Rc3 Qb6 28. Bxd6+ Qxd6 29. Rc5 Nd7 30. Rxc8 Bxc8 31. Bd3 Bb7 32. b5 axb5 33. Bxb5 Qb6 34. Bxd7 Kxd7 35. b4 g5 36. Qc3 e5 37. dxe5 Ke6 38. Re1 d4 39. Qc4+ Bd5 40. Qc8+ 1-0

[Event "Dresden ZMD op"]
[Site "Dresden"]
[Date "2010.07.16"]
[Round "7"]
[White "Hutschenreiter, Joerg"]
[Black "Weigelt, Thomas"]
[Result "0-1"]
[WhiteElo "2066"]
[BlackElo "1897"]
[PlyCount "86"]
[EventDate "2010.07.10"]
[EventType "swiss"]
[EventRounds "9"]
[EventCountry "GER"]
[SourceTitle "CBM 137 Extra"]
[Source "ChessBase"]
[SourceDate "2010.09.01"]
[SourceVersion "1"]
[SourceVersionDate "2010.09.01"]
[SourceQuality "1"]

1. d4 Nf6 2. c4 e6 3. Nc3 Bb4 4. e3 Bxc3+ 5. bxc3 0-0 6. Bd3 d6 7. Ne2 b6 8. e4 Nbd7 9. 0-0 h6 10. f4 Bb7 11. Ng3 e5 12. fxe5 dxe5 13. Qe1 exd4 14. cxd4 Nc5 15. Qe3 Ng4 16. Qf4 Nxd3 17. Qxg4 Qxd4+ 18. Kh1 Qxa1 19. Be3 Ne5 20. Qf5 Bc8 21. Qh5 Qc3 22. Bxh6 Ng6 23. Nf5 Bxf5 24. exf5 gxh6 25. Qxh6 Qg7 26. Qc1 f6 27. Rf3 Kf7 28. c5 Ne5 29. Rg3 Qxg3 30. hxg3 Rad8 31. Kg1 Rd7 32. Qa3 Rd1+ 33. Kf2 Rd2+ 34. Ke1 Rfd8 35. Qxa7 Rd1+ 36. Ke2 R1d2+ 37. Ke1 R8d7 38. cxb6 Rd1+ 39. Ke2 R7d2+ 40. Ke3 Nc4+ 41. Ke4 Re1+ 42. Kf4 Rf2+ 43. Kg4 Ne5+ 0-1

[Event "Dresden ZMD op"]
[Site "Dresden"]
[Date "2010.07.15"]
[Round "6"]
[White "Weigelt, Thomas"]
[Black "Jeschke, Erik"]
[Result "1-0"]
[WhiteElo "1897"]
[BlackElo "1728"]
[PlyCount "99"]
[EventDate "2010.07.10"]
[EventType "swiss"]
[EventRounds "9"]
[EventCountry "GER"]
[SourceTitle "CBM 137 Extra"]
[Source "ChessBase"]
[SourceDate "2010.09.01"]
[SourceVersion "1"]
[SourceVersionDate "2010.09.01"]
[SourceQuality "1"]

1. d4 d5 2. c4 dxc4 3. e4 e6 4. Bxc4 a6 5. Nf3 Bb4+ 6. Nc3 Nf6 7. 0-0 Bxc3 8. bxc3 Nxe4 9. Qd3 Nf6 10. Ba3 b6 11. Rfe1 c6 12. Ne5 Nd5 13. Qf3 Qf6 14. Qxf6 Nxf6 15. Re3 Bb7 16. Nxf7 Kxf7 17. Bxe6+ Ke8 18. Bc8+ Kd8 19. Bxb7 Ra7 20. Re7 Rg8 21. Rae1 Nfd7 22. Bxc6 Nxc6 23. R7e6 Kc7 24. Bd6+ Kb7 25. d5 Nd8 26. Re7 Kc8 27. c4 Rb7 28. a4 Nc5 29. a5 Nd3 30. R1e3 Rxe7 31. Rxe7 Nc6 32. Rc7+ Kd8 33. Rxc6 Re8 34. h3 bxa5 35. Bc7+ Kd7 36. Bxa5 Rc8 37. Rxc8 Kxc8 38. Kf1 Kd7 39. Ke2 Nb2 40. c5 Nc4 41. Bc3 Na3 42. Bxg7 Nb5 43. Kd3 Nc7 44. Kc4 Ne8 45. Be5 h5 46. c6+ Kc8 47. Kc5 h4 48. d6 Nxd6 49. Kxd6 a5 50. f4 1-0

[Event "Dresden ZMD op"]
[Site "Dresden"]
[Date "2010.07.13"]
[Round "4"]
[White "Schamschurko, Victor"]
[Black "Weigelt, Thomas"]
[Result "1-0"]
[WhiteElo "1672"]
[BlackElo "1897"]
[PlyCount "69"]
[EventDate "2010.07.10"]
[EventType "swiss"]
[EventRounds "9"]
[EventCountry "GER"]
[SourceTitle "CBM 137 Extra"]
[Source "ChessBase"]
[SourceDate "2010.09.01"]
[SourceVersion "1"]
[SourceVersionDate "2010.09.01"]
[SourceQuality "1"]

1. e4 e5 2. Nf3 Nf6 3. Nc3 d6 4. Bc4 Be7 5. d3 Nc6 6. h3 Na5 7. Bb3 Nxb3 8. axb3 h6 9. Be3 0-0 10. Qd2 Nh5 11. Nd5 f5 12. exf5 Bxf5 13. Qc3 Nf6 14. Nxe7+ Qxe7 15. Nh4 Bh7 16. 0-0 d5 17. Bc5 Qd8 18. Bxf8 Kxf8 19. Qb4+ Kg8 20. Qxb7 e4 21. d4 a5 22. Qb5 Nh5 23. g3 Rb8 24. Qe2 Nf6 25. Rxa5 Qd6 26. Rfa1 Rb6 27. Ra6 e3 28. Rxb6 exf2+ 29. Qxf2 cxb6 30. Kh2 Kh8 31. Ra8+ Bg8 32. Ng6+ Kh7 33. Qf5 Ne4 34. Ne5+ g6 35. Ra7+ 1-0

[Event "Dresden ZMD op"]
[Site "Dresden"]
[Date "2009.07.25"]
[Round "1"]
[White "Weigelt, Thomas"]
[Black "Kempinski, Robert"]
[Result "0-1"]
[WhiteElo "1913"]
[BlackElo "2601"]
[PlyCount "42"]
[EventDate "2009.07.25"]
[EventType "swiss"]
[EventRounds "9"]
[EventCountry "GER"]
[SourceTitle "CBM 131 Extra"]
[Source "ChessBase"]
[SourceDate "2009.09.03"]
[SourceVersion "2"]
[SourceVersionDate "2009.09.16"]
[SourceQuality "1"]

1. e4 c5 2. Nf3 d6 3. d4 cxd4 4. Nxd4 Nf6 5. Nc3 e6 6. Bg5 h6 7. Bh4 Be7 8. Bg3 0-0 9. Be2 e5 10. Nb3 a5 11. a4 Be6 12. 0-0 Nc6 13. f4 Rc8 14. f5 Bd7 15. Bh4 Nb4 16. Bxf6 Qb6+ 17. Kh1 Bxf6 18. Nd2 Qd4 19. Nc4 Rxc4 20. Bxc4 Qxc4 21. Qxd6 Bc6 0-1

[Event "Leipzig VfB op 15th"]
[Site "Leipzig"]
[Date "2008.03.01"]
[Round "8"]
[White "Weigelt, Thomas"]
[Black "Haase, Christian"]
[Result "1-0"]
[WhiteElo "1935"]
[BlackElo "1653"]
[PlyCount "59"]
[EventDate "2008.02.26"]
[EventType "swiss"]
[EventRounds "9"]
[EventCountry "GER"]
[SourceTitle "CBM 123 Extra"]
[Source "ChessBase"]
[SourceDate "2008.05.06"]
[SourceVersion "1"]
[SourceVersionDate "2008.05.06"]
[SourceQuality "1"]

1. d4 Nf6 2. c4 g6 3. Nc3 Bg7 4. e4 d6 5. f4 0-0 6. Nf3 c5 7. d5 e6 8. Be2 a6 9. a4 exd5 10. cxd5 Re8 11. Qc2 Nh5 12. 0-0 f5 13. e5 dxe5 14. fxe5 f4 15. e6 Bxc3 16. Qxc3 Qxd5 17. Bc4 Qf5 18. Re1 Re7 19. Bd3 Qf6 20. Qxc5 Nc6 21. Bd2 Bxe6 22. Rxe6 Rxe6 23. Bc4 Rae8 24. Bc3 Qf7 25. Ng5 Qd7 26. Nxe6 Rxe6 27. Re1 Nd8 28. Qe5 Ng7 29. Qxg7+ Qxg7 30. Bxg7 1-0

[Event "Leipzig VfB op 15th"]
[Site "Leipzig"]
[Date "2008.02.27"]
[Round "2"]
[White "Weigelt, Thomas"]
[Black "Kreyssig, Markus"]
[Result "1-0"]
[WhiteElo "1935"]
[BlackElo "1803"]
[PlyCount "70"]
[EventDate "2008.02.26"]
[EventType "swiss"]
[EventRounds "9"]
[EventCountry "GER"]
[SourceTitle "CBM 123 Extra"]
[Source "ChessBase"]
[SourceDate "2008.05.06"]
[SourceVersion "1"]
[SourceVersionDate "2008.05.06"]
[SourceQuality "1"]

1. d4 d5 2. c4 e5 3. dxe5 d4 4. e3 Bb4+ 5. Bd2 dxe3 6. Qa4+ Nc6 7. fxe3 Bxd2+ 8. Nxd2 Qg5 9. Qb3 Nxe5 10. 0-0-0 Nf6 11. Ngf3 Nxf3 12. gxf3 0-0 13. Bd3 Be6 14. f4 Qc5 15. Kb1 Ng4 16. Rde1 Nf2 17. Ne4 Nxe4 18. Bxe4 Bxc4 19. Qc2 f5 20. Rc1 Bxa2+ 21. Kxa2 Qa5+ 22. Kb1 fxe4 23. Qxc7 Qf5 24. Rhg1 Rf7 25. Qc4 h6 26. Rgd1 Re8 27. Rd5 Qg6 28. Rd7 Rb8 29. Qa2 a6 30. Qb3 Kf8 31. Qb4+ Kg8 32. Rd6 Qg2 33. Rxa6 Qxh2 34. Re6 Rxf4 35. exf4 Qxf4 1-0

[Event "Berlin Unicorn op"]
[Site "Berlin"]
[Date "2007.05.18"]
[Round "4"]
[White "Weigelt, Thomas"]
[Black "Niehaus, Frank"]
[Result "0-1"]
[WhiteElo "2003"]
[BlackElo "2226"]
[PlyCount "57"]
[EventDate "2007.05.16"]
[EventType "swiss"]
[EventRounds "7"]
[EventCountry "GER"]
[SourceTitle "CBM 118 Extra"]
[Source "ChessBase"]
[SourceDate "2007.07.04"]
[SourceVersion "1"]
[SourceVersionDate "2007.07.04"]
[SourceQuality "1"]

1. d4 Nf6 2. c4 g6 3. Nc3 Bg7 4. e4 d6 5. Be2 0-0 6. Be3 Nbd7 7. h3 e5 8. Nf3 exd4 9. Nxd4 Re8 10. Qc2 Nc5 11. Bf3 Qe7 12. 0-0-0 c6 13. Bg5 a5 14. Rhe1 Qc7 15. Bf4 Nfd7 16. Nb3 Ne5 17. Nxc5 dxc5 18. Na4 Nd3+ 19. Rxd3 Qxf4+ 20. Kb1 Qe5 21. Nb6 Rb8 22. Nxc8 Rexc8 23. Red1 h5 24. Rb3 b5 25. cxb5 a4 26. Rbd3 Rxb5 27. Rd8+ Kh7 28. Kc1 Rxd8 29. Rxd8 0-1

[Event "Leipzig VfB op 14th"]
[Site "Leipzig"]
[Date "2007.03.25"]
[Round "9"]
[White "Pauscher, Wolfgang"]
[Black "Weigelt, Thomas"]
[Result "1-0"]
[WhiteElo "1813"]
[BlackElo "2003"]
[PlyCount "111"]
[EventDate "2007.03.20"]
[EventType "swiss"]
[EventRounds "9"]
[EventCountry "GER"]
[SourceTitle "EXT 2008"]
[Source "ChessBase"]
[SourceDate "2007.11.25"]
[SourceVersion "1"]
[SourceVersionDate "2007.11.25"]
[SourceQuality "1"]

1. e4 e5 2. Nf3 Nc6 3. Bc4 Bc5 4. 0-0 Nf6 5. d4 Bxd4 6. Nxd4 Nxd4 7. f4 d6 8. fxe5 dxe5 9. Bg5 Qd6 10. Bxf6 gxf6 11. c3 Nb5 12. Bxb5+ Ke7 13. Qxd6+ cxd6 14. Na3 a6 15. Bc4 b5 16. Bd5 Rb8 17. Nc2 Rg8 18. Ne3 Rg5 19. Nf5+ Bxf5 20. Rxf5 Rbg8 21. Rxg5 fxg5 22. Bb7 a5 23. Rc1 h5 24. c4 Rb8 25. Bd5 bxc4 26. Rxc4 f5 27. exf5 Rb5 28. Bc6 Rxb2 29. a4 Rd2 30. Kf1 d5 31. f6+ Kxf6 32. Rc5 Ke6 33. Rxa5 e4 34. Bxd5+ Rxd5 35. Rxd5 Kxd5 36. Ke2 Kc5 37. Ke3 Kb4 38. Kxe4 Kxa4 39. Kf5 g4 40. Kg5 g3 41. h3 Kb4 42. Kxh5 Kc4 43. Kg4 Kd4 44. Kxg3 Ke5 45. Kg4 Kf6 46. Kf4 Kg6 47. g4 Kf6 48. h4 Kg6 49. Ke5 Kf7 50. h5 Kg7 51. g5 Kf7 52. h6 Kf8 53. g6 Kg8 54. Kf6 Kh8 55. g7+ Kg8 56. h7+ 1-0

[Event "Leipzig VfB op 14th"]
[Site "Leipzig"]
[Date "2007.03.23"]
[Round "6"]
[White "Weigelt, Thomas"]
[Black "Bulano, Alexander"]
[Result "1-0"]
[WhiteElo "2003"]
[BlackElo "1804"]
[PlyCount "138"]
[EventDate "2007.03.20"]
[EventType "swiss"]
[EventRounds "9"]
[EventCountry "GER"]
[SourceTitle "EXT 2008"]
[Source "ChessBase"]
[SourceDate "2007.11.25"]
[SourceVersion "1"]
[SourceVersionDate "2007.11.25"]
[SourceQuality "1"]

1. d4 Nf6 2. c4 g6 3. Nc3 d5 4. cxd5 Nxd5 5. e4 Nxc3 6. bxc3 Bg7 7. Nf3 c5 8. Be3 Qa5 9. Bd2 0-0 10. Qb3 Nd7 11. Bd3 Qc7 12. Be3 b6 13. 0-0 Bb7 14. Rad1 Rac8 15. Nd2 e6 16. f4 cxd4 17. cxd4 Nb8 18. e5 Rfd8 19. Ne4 Bd5 20. Qb1 Bf8 21. Nf6+ Kg7 22. Rc1 Qb7 23. Rxc8 Rxc8 24. Nxd5 exd5 25. Rc1 Na6 26. Rxc8 Qxc8 27. Bd2 Qb7 28. f5 Nc7 29. Bg5 Ne8 30. Qc1 Kg8 31. f6 Qd7 32. Qd1 h6 33. Be3 Nc7 34. a4 a6 35. Qb1 b5 36. axb5 axb5 37. Bxg6 Qg4 38. Bh7+ Kh8 39. Bd3 b4 40. Qc1 Ne6 41. h3 Qh4 42. Bf2 Qf4 43. Qxf4 Nxf4 44. Bf5 b3 45. Kf1 Ba3 46. g3 Ne6 47. Ke2 Bc1 48. Bxe6 fxe6 49. Kd3 Kg8 50. Kc3 b2 51. Kc2 Kf7 52. Be1 Be3 53. Bc3 h5 54. Bxb2 Bf2 55. g4 hxg4 56. hxg4 Be3 57. Kd3 Bf4 58. Bc3 Bh2 59. Bd2 Bg3 60. Be3 Kg6 61. Kc2 Be1 62. Kb3 Bh4 63. Ka4 Bxf6 64. exf6 Kxf6 65. Kb5 e5 66. Kc5 Ke6 67. Bd2 exd4 68. Kxd4 Kd6 69. Bf4+ Ke6 1-0

[Event "Leipzig VfB op 14th"]
[Site "Leipzig"]
[Date "2007.03.22"]
[Round "5"]
[White "Franke, Uwe"]
[Black "Weigelt, Thomas"]
[Result "1-0"]
[WhiteElo "1694"]
[BlackElo "2003"]
[PlyCount "108"]
[EventDate "2007.03.20"]
[EventType "swiss"]
[EventRounds "9"]
[EventCountry "GER"]
[SourceTitle "EXT 2008"]
[Source "ChessBase"]
[SourceDate "2007.11.25"]
[SourceVersion "1"]
[SourceVersionDate "2007.11.25"]
[SourceQuality "1"]

1. e4 e5 2. Bc4 c6 3. a3 d5 4. exd5 cxd5 5. Ba2 Nc6 6. d3 h6 7. Nc3 Nf6 8. h3 Bd6 9. Bd2 Be6 10. Nge2 Rc8 11. Ng3 0-0 12. 0-0 Qd7 13. Kh2 Ne7 14. f4 exf4 15. Bxf4 Bxf4 16. Rxf4 Qc7 17. Qf1 Ng6 18. Rf3 d4 19. Bxe6 fxe6 20. Nce2 e5 21. Rc1 Nh5 22. Ne4 Rxf3 23. Qxf3 Nhf4 24. Nxf4 Nxf4 25. g3 Nd5 26. Qg4 Rf8 27. Qe6+ Qf7 28. Qxe5 Re8 29. Qxd4 Nb6 30. Rg1 Qf3 31. Rg2 Nc8 32. Qd5+ Kh8 33. Qxb7 Qd1 34. Qd7 Rf8 35. g4 Qc1 36. b3 Nb6 37. Qd6 Rf1 38. Ng3 Rf6 39. Qb8+ Kh7 40. Qxa7 Nd5 41. Nf5 Qf4+ 42. Kh1 Qf1+ 43. Qg1 Qf4 44. c4 Nc3 45. Qe1 Qf3 46. Qxc3 Rxf5 47. gxf5 Qxh3+ 48. Kg1 Qe3+ 49. Kf1 Qf3+ 50. Rf2 Qd1+ 51. Qe1 Qxd3+ 52. Qe2 Qb1+ 53. Kg2 Qxb3 54. f6 Qb7+ 1-0

[Event "Berlin op 09"]
[Site "Berlin"]
[Date "2006.10.06"]
[Round "7"]
[White "Boettcher, Patrick"]
[Black "Weigelt, Thomas"]
[Result "0-1"]
[WhiteElo "2161"]
[BlackElo "1756"]
[PlyCount "82"]
[EventDate "2006.09.30"]
[EventType "swiss"]
[EventRounds "9"]
[EventCountry "GER"]
[SourceTitle "EXT 2007"]
[Source "ChessBase"]
[SourceDate "2006.11.23"]
[SourceVersion "1"]
[SourceVersionDate "2006.11.23"]
[SourceQuality "1"]

1. d4 d5 2. c4 c6 3. Nc3 Nf6 4. Nf3 e6 5. Bg5 Nbd7 6. cxd5 cxd5 7. e3 a6 8. Bd3 Bd6 9. 0-0 Qc7 10. Rc1 Qb8 11. Qe2 0-0 12. e4 dxe4 13. Nxe4 Nd5 14. Nxd6 Qxd6 15. Qe4 f5 16. Qh4 N7f6 17. Rfe1 Ne7 18. Ne5 h6 19. Bd2 Nfd5 20. a3 b5 21. Qg3 f4 22. Qg4 Rf6 23. Be4 Rb8 24. Ng6 Nxg6 25. Bxg6 Bd7 26. Re5 b4 27. axb4 Nxb4 28. Bc3 Nd5 29. h4 Nxc3 30. bxc3 a5 31. h5 a4 32. Qd1 Bc6 33. Bc2 Ra8 34. Qd3 g6 35. hxg6 Rxg6 36. Ra1 a3 37. c4 a2 38. c5 Qb8 39. Bb3 Ra3 40. Rxa2 Rxb3 41. Qc4 Bd5 0-1

[Event "Berlin op 09"]
[Site "Berlin"]
[Date "2006.10.05"]
[Round "6"]
[White "Weigelt, Thomas"]
[Black "Gebigke, Martin"]
[Result "0-1"]
[WhiteElo "1756"]
[BlackElo "2196"]
[PlyCount "78"]
[EventDate "2006.09.30"]
[EventType "swiss"]
[EventRounds "9"]
[EventCountry "GER"]
[SourceTitle "EXT 2007"]
[Source "ChessBase"]
[SourceDate "2006.11.23"]
[SourceVersion "1"]
[SourceVersionDate "2006.11.23"]
[SourceQuality "1"]

1. d4 Nf6 2. Nf3 e6 3. g3 d5 4. Bg2 Be7 5. 0-0 0-0 6. c4 dxc4 7. Nc3 Nc6 8. Bg5 Rb8 9. a4 a6 10. e4 b5 11. axb5 axb5 12. Bxf6 Bxf6 13. e5 Be7 14. d5 exd5 15. Nxd5 Nb4 16. Ne1 Nxd5 17. Qxd5 Qxd5 18. Bxd5 Rd8 19. Be4 Rd4 20. Bc2 Bh3 21. Nf3 Rdd8 22. Rfd1 Bg4 23. Be4 Bc5 24. Rd5 Rxd5 25. Bxd5 Rd8 26. Ra8 Rxa8 27. Bxa8 b4 28. Nd2 Be6 29. Be4 Bd4 30. b3 cxb3 31. Nf3 Bc3 32. Ng5 Bc4 33. f4 b2 34. Bxh7+ Kh8 35. Bb1 Bd4+ 36. Kg2 Bd5+ 37. Kf1 f6 38. e6 fxg5 39. e7 Bf7 0-1

[Event "Berlin op 08"]
[Site "Berlin"]
[Date "2006.08.25"]
[Round "7"]
[White "Weigelt, Thomas"]
[Black "Kunz, Andre"]
[Result "1-0"]
[WhiteElo "1724"]
[BlackElo "1777"]
[PlyCount "95"]
[EventDate "2006.08.19"]
[EventType "swiss"]
[EventRounds "9"]
[EventCountry "GER"]
[SourceTitle "EXT 2007"]
[Source "ChessBase"]
[SourceDate "2006.11.23"]
[SourceVersion "1"]
[SourceVersionDate "2006.11.23"]
[SourceQuality "1"]

1. d4 Nf6 2. Nf3 g6 3. Bg5 Bg7 4. Nbd2 d5 5. e3 0-0 6. Be2 Nbd7 7. c4 c6 8. Qc2 dxc4 9. Nxc4 Nb6 10. Nce5 Bf5 11. Bd3 Bxd3 12. Nxd3 Rc8 13. 0-0 Ne4 14. Bh4 Nd7 15. Rfd1 Re8 16. Nde5 Nd6 17. Qb3 Rf8 18. Bg3 Nb6 19. Bh4 Qe8 20. Bg3 Qd8 21. Ng5 Qe8 22. a4 Rb8 23. e4 Nd7 24. Nxd7 Qxd7 25. e5 Rbe8 26. exd6 exd6 27. Qb4 h6 28. Nf3 Re6 29. d5 cxd5 30. Rxd5 Re2 31. Rb1 Qe6 32. Rxd6 Qa2 33. Rbd1 Rxb2 34. Qe4 Qa3 35. R6d3 Qc5 36. Rd5 Qb6 37. h4 Rb4 38. Qc2 Rb2 39. Qc5 Qa6 40. Rd8 b6 41. Qc7 Qxa4 42. Rxf8+ Bxf8 43. Rd8 Qa1+ 44. Kh2 Rb1 45. Bd6 Rc1 46. Rxf8+ Kh7 47. Qxf7+ Qg7 48. Be5 1-0

[Event "Berlin op 05"]
[Site "Berlin"]
[Date "2006.05.28"]
[Round "7"]
[White "Weigelt, Thomas"]
[Black "Fuchs, Joerg"]
[Result "1-0"]
[WhiteElo "1729"]
[BlackElo "1674"]
[PlyCount "69"]
[EventDate "2006.05.24"]
[EventType "swiss"]
[EventRounds "7"]
[EventCountry "GER"]
[SourceTitle "EXT 2007"]
[Source "ChessBase"]
[SourceDate "2006.11.23"]
[SourceVersion "1"]
[SourceVersionDate "2006.11.23"]
[SourceQuality "1"]

1. e4 d5 2. exd5 Qxd5 3. Nc3 Qa5 4. d4 c6 5. g3 g6 6. Nf3 Bg4 7. Bg2 Bg7 8. Qd3 Nd7 9. Nd2 0-0-0 10. Nb3 Qh5 11. Bxc6 Ne5 12. Bxb7+ Kb8 13. Bf4 Rd6 14. Bxe5 Bxe5 15. Bg2 Bxd4 16. Qb5+ Qxb5 17. Nxb5 Re6+ 18. Kd2 Re2+ 19. Kd3 Bxf2 20. Rhf1 Nf6 21. Nc3 Rd8+ 22. Kc4 Rxc2 23. Na5 Be6+ 24. Kb4 Rd4+ 25. Ka3 Bd7 26. Bc6 Rd6 27. Bxd7 Nxd7 28. Kb3 Rdd2 29. Nc4 Nc5+ 30. Ka3 Rd3 31. Kb4 Nb7 32. Kb3 Re2 33. Rad1 Nc5+ 34. Kb4 a5+ 35. Kxa5 1-0

[Event "Berlin op 05"]
[Site "Berlin"]
[Date "2006.05.27"]
[Round "6"]
[White "Meissner, Jan Eric"]
[Black "Weigelt, Thomas"]
[Result "0-1"]
[WhiteElo "1490"]
[BlackElo "1729"]
[PlyCount "44"]
[EventDate "2006.05.24"]
[EventType "swiss"]
[EventRounds "7"]
[EventCountry "GER"]
[SourceTitle "EXT 2007"]
[Source "ChessBase"]
[SourceDate "2006.11.23"]
[SourceVersion "1"]
[SourceVersionDate "2006.11.23"]
[SourceQuality "1"]

1. e4 e5 2. Nf3 Nc6 3. Bc4 Nf6 4. d3 h6 5. Nc3 Bc5 6. Be3 Bd4 7. Bxd4 exd4 8. Ne2 Qe7 9. 0-0 Qc5 10. c3 dxc3 11. Nxc3 d6 12. Qb3 0-0 13. Nh4 Qh5 14. g3 Bh3 15. Rfe1 g5 16. Ng2 Nd4 17. Qd1 Bg4 18. Qc1 Nf3+ 19. Kf1 Nxh2+ 20. Kg1 Nf3+ 21. Kf1 Qh1+ 22. Ke2 Nxe1+ 0-1

[Event "Berlin op 05"]
[Site "Berlin"]
[Date "2006.05.25"]
[Round "3"]
[White "Weigelt, Thomas"]
[Black "Wiezer, Siegfried"]
[Result "0-1"]
[WhiteElo "1729"]
[BlackElo "2060"]
[PlyCount "50"]
[EventDate "2006.05.24"]
[EventType "swiss"]
[EventRounds "7"]
[EventCountry "GER"]
[SourceTitle "EXT 2007"]
[Source "ChessBase"]
[SourceDate "2006.11.23"]
[SourceVersion "1"]
[SourceVersionDate "2006.11.23"]
[SourceQuality "1"]

1. d4 Nf6 2. Bg5 d5 3. f3 Nbd7 4. Nc3 c6 5. e4 h6 6. Bh4 Qa5 7. e5 Ng8 8. Qd2 e6 9. 0-0-0 b5 10. b3 Bb4 11. Nge2 Qb6 12. Qe3 a5 13. Nb1 c5 14. c3 cxd4 15. Nxd4 Bc5 16. Kb2 b4 17. Qd2 a4 18. Bb5 axb3 19. Bxd7+ Bxd7 20. Nxb3 Be3 21. Qe1 Qa7 22. a4 Bxa4 23. cxb4 Bxb3 24. Kxb3 Qa2+ 25. Kc3 Qc4+ 0-1